000 00561nam a2200169 4500
008 160409b xxu||||| |||| 00| 0 eng d
020 _a9789715132756
082 _22009
_aDFil 512.9
_bC14
100 _95097
_aCalano, Roel B.
245 _aCollege algebra:
_bmathematics for the health professions: tex/workbook/
_cRoel B. Calano.
250 _aFirst Edition
260 _aErmita, Manila:
_bEducational Publishing House,
_cc2009.
300 _axviii, 387 pages:
_billustrations;
_c25 cm.
650 0 _95098
_aAlgebra
365 _b570.00
_cPhp
942 _2ddc
_cDFIL
999 _c1630
_d1630